LEADER 00734nam2 22002171i 450 001 990002333330403321 035 $a000233333 035 $aFED01000233333 035 $a(Aleph)000233333FED01 035 $a000233333 100 $a20030801d--------km-y0itay50------ba 200 1 $aObservations on the cytomorphosis of thegerminal and interstitial cells of the human testis. London, 1956, p. 86-96. 463 0$1001000221608 701 1$aFawcett,$bDon W.$062970 801 0$aIT$bUNINA$gRICA$2UNIMARC 901 $aBK 912 $a990002333330403321 959 $aFFABC 996 $aObservations on the cytomorphosis of thegerminal and interstitial cells of the human testis. London, 1956, p. 86-96$9391739 997 $aUNINA DB $aING01